Carregant...

من روائع حضارتنا

Dades bibliogràfiques
Autor principal: مصطفي السباعي
Format: Printed Book
Idioma:Malayalam
Publicat: دار الوراق 2009
LEADER 00416nam a22001217a 4500
008 160831b xxu||||| |||| 00| 0 mal d
082 |a 302 
100 |a مصطفي السباعي 
245 |a من روائع حضارتنا  
260 |a دار الوراق  |c 2009 
942 |c BK 
999 |c 176554  |d 176554 
952 |0 0  |1 0  |4 0  |6 302_000000000000000  |7 0  |9 195649  |a ARA  |b ARA  |c ST1  |d 2016-12-29  |i 6452  |l 0  |o 302  |p ARA6452  |r 2016-12-29  |w 2016-12-29  |y BK